00999nabaa22001937a 4500999001500000003000400015005001700019008004100036040000700077100003400084245012300118300001300241505025600254505008900510650003200599650003500631773012600666942001300792 c6137d6137OSt20260122225058.0190701b xxu||||| |||| 00| 0 spa d cPJ 94410aSalgan Ruiz, Leandro G.10aNuevas fronteras del reglamento de investigaciones administrativas en el derecho disciplinario /cLeandro Salgan Ruiz. ap. 56-67 aSumario: I. Objeto del trabajo.— II. Control de convencionalidad.— III. Tutela administrativa efectiva.— IV. Audiencias a distancia.— V. Rolde parte acusadora de la Oficina Anticorrupción.— VI. Perspectiva de género.— VII. Reflexiones. t¿Te interesa el texto completo? Comunicate al correo: koha@justierradelfuego.gov.ar 09211aDERECHO ADMINISTRATIVO 093828aSANCIONES DISCIPLINARIAS0 0284293251dBuenos Aires : AbeledoPerrot, 2012-oDA121tDerecho administrativo. Nº 149 septiembre/octubre 2023z18510590 2udccANA